[Event "NCL967 Bristol-Wessex"]
[Site "Rd11"]
[Date "1997.??.??"]
[Round "11.7"]
[White "Phillips, Roy"]
[Black "Brameld, Arthur"]
[Result "1/2-1/2"]
[WhiteElo "2120"]
[BlackElo "2199"]
[PlyCount "139"]
[EventDate "1997.04.26"]
[Source "J.Saunders"]
[SourceDate "1998.06.06"]

1. c4 Nf6 2. Nc3 e6 3. Nf3 c5 4. g3 Nc6 5. Bg2 Be7 6. O-O O-O 7. d4 cxd4 8.
Nxd4 a6 9. b3 Qa5 10. Bb2 Rd8 11. Rc1 Rb8 12. a3 Qh5 13. e4 Nxd4 14. Qxd4 Bc5
15. Qd2 Ba7 16. h3 h6 17. e5 Ne8 18. Ne4 d5 19. c5 Bd7 20. Nd6 Nxd6 21. cxd6
Qg5 22. Qxg5 hxg5 23. Rc2 Rbc8 24. Rfc1 Rxc2 25. Rxc2 Rc8 26. Rxc8+ Bxc8 27.
Kf1 Bd7 28. f4 Bb5+ 29. Ke1 gxf4 30. gxf4 g6 31. a4 Bc6 32. Ke2 Kf8 33. Kd3 Bf2
34. Bd4 Bg3 35. Ke3 Ke8 36. Kf3 Bh4 37. Kg4 Bd8 38. h4 b5 39. axb5 Bxb5 40. Bf3
Bd3 41. b4 a5 42. Bd1 Bb5 43. bxa5 Bxa5 44. h5 gxh5+ 45. Kxh5 Bd2 46. Kg5 Ba5
47. f5 exf5 48. Bb3 Bc6 49. Kxf5 Bd7+ 50. Kg5 Bc6 51. Bd1 Bd7 52. Kh6 Kf8 53.
Bb3 Bc6 54. Kh7 Bd8 55. Bd1 Bg5 56. Bg4 Bd8 57. d7 Be7 58. Bc5 Bxd7 59. Bxd7
Bxc5 60. Kh6 Be3+ 61. Kh5 Ke7 62. Bf5 Bf4 63. Kg4 Bxe5 64. Kf3 Kd6 65. Ke2 Bb2
66. Bb1 Ke5 67. Bd3 f5 68. Bb1 Kf4 69. Ba2 d4 70. Bd5 1/2-1/2

[Event "NCL967 Bristol-Wessex"]
[Site "Rd11"]
[Date "1997.??.??"]
[Round "11.8"]
[White "Howard, Emily"]
[Black "Buckley, Melanie"]
[Result "0-1"]
[WhiteElo "1904"]
[BlackElo "2040"]
[PlyCount "117"]
[EventDate "1997.04.26"]
[Source "J.Saunders"]
[SourceDate "1998.06.06"]

1. e4 d6 2. d4 Nf6 3. Nc3 g6 4. Be3 c6 5. h3 Nbd7 6. Nf3 Qc7 7. Qd2 b5 8. a3
Bb7 9. Bd3 a6 10. Bf4 Qb6 11. Be3 Qc7 12. Rc1 c5 13. d5 Bg7 14. Bh6 O-O 15.
Bxg7 Kxg7 16. Qe3 c4 17. Be2 Qc5 18. Qxc5 Nxc5 19. Nd2 e6 20. dxe6 fxe6 21. f3
d5 22. exd5 exd5 23. O-O Rfe8 24. Rfe1 Rad8 25. Bf1 Kf7 26. Rxe8 Rxe8 27. Rd1
Ke7 28. Ne2 Ne6 29. Nb1 Nh5 30. Nbc3 Rd8 31. Nd4 Nhg7 32. Nce2 Kd6 33. Nxe6
Nxe6 34. Nd4 Nxd4 35. Rxd4 Kc5 36. c3 Re8 37. Kf2 a5 38. Rf4 Re7 39. h4 b4 40.
axb4+ axb4 41. g3 Bc6 42. Rd4 Ra7 43. Rd2 Ra2 44. Ke3 bxc3 45. bxc3 Rxd2 46.
Kxd2 d4 47. cxd4+ Kxd4 48. f4 c3+ 49. Kc1 Be4 50. Be2 Ke3 51. Bd1 Bf3 52. h5
Be4 53. hxg6 hxg6 54. f5 Bxf5 55. Bc2 Bxc2 56. Kxc2 Kf3 57. Kxc3 Kxg3 58. Kd3
Kf3 59. Kd2 0-1

[Event "NCL967 BCM-Wood Green"]
[Site "Rd11"]
[Date "1997.??.??"]
[Round "11.1"]
[White "Chandler, Murray"]
[Black "Levitt, Jon"]
[Result "1-0"]
[WhiteElo "2550"]
[BlackElo "2435"]
[PlyCount "61"]
[EventDate "1997.04.26"]
[Source "J.Saunders"]
[SourceDate "1998.06.06"]

1. e4 e6 2. d4 d5 3. exd5 exd5 4. Nf3 Nf6 5. Bd3 Be7 6. h3 O-O 7. O-O Ne4 8. c4
c6 9. Nc3 Nxc3 10. bxc3 Be6 11. c5 Nd7 12. Re1 b6 13. cxb6 axb6 14. Bf4 Re8 15.
Qc2 h6 16. Re2 Bf6 17. Rae1 Qc8 18. Qd2 Nf8 19. Ne5 Bxe5 20. Rxe5 Ng6 21. Bxh6
Nxe5 22. dxe5 Qd8 23. Bg5 f6 24. exf6 gxf6 25. Bh4 Kg7 26. Re3 Rh8 27. Rg3+ Kf7
28. Qf4 Rxh4 29. Qxh4 Qh8 30. Qb4 Rg8 31. Qxb6 1-0

[Event "NCL967 BCM-Wood Green"]
[Site "Rd11"]
[Date "1997.??.??"]
[Round "11.2"]
[White "Emms, John"]
[Black "Mestel, Jonathan"]
[Result "1-0"]
[WhiteElo "2500"]
[BlackElo "2510"]
[PlyCount "97"]
[EventDate "1997.04.26"]
[Source "J.Saunders"]
[SourceDate "1998.06.06"]

1. e4 c5 2. Nf3 d6 3. d4 cxd4 4. Nxd4 Nf6 5. Nc3 g6 6. Bc4 Bg7 7. O-O O-O 8.
Re1 a6 9. Bb3 b5 10. a4 b4 11. Nd5 Bb7 12. Bg5 Nbd7 13. Nxb4 Qb6 14. c3 Bxe4
15. a5 Qc5 16. Qd2 Rfe8 17. Ba4 Bb7 18. Ndc6 e6 19. Be3 Ne4 20. Qc2 Qf5 21. Nd4
Bxd4 22. Bxd4 e5 23. Be3 Rec8 24. f3 Nec5 25. Qxf5 gxf5 26. Bxd7 Nxd7 27. Rad1
Nb8 28. Rxd6 Nc6 29. Nxc6 Rxc6 30. Rd7 Bc8 31. Rd8+ Kg7 32. Bb6 f6 33. Red1 Rb8
34. Re8 Re6 35. Rdd8 Rxe8 36. Rxe8 Kf7 37. Rh8 Ke6 38. h4 Ra8 39. h5 Bb7 40.
Rxh7 Bd5 41. h6 f4 42. Rg7 Bb3 43. h7 Rh8 44. Bf2 Kd6 45. Rb7 Bd5 46. Rb6+ Bc6
47. Rxa6 Rxh7 48. b4 Rb7 49. Bc5+ 1-0

[Event "NCL967 BCM-Wood Green"]
[Site "Rd11"]
[Date "1997.??.??"]
[Round "11.3"]
[White "Bellin, Robert"]
[Black "Littlewood, Paul"]
[Result "1/2-1/2"]
[WhiteElo "2375"]
[BlackElo "2440"]
[PlyCount "100"]
[EventDate "1997.04.26"]
[Source "J.Saunders"]
[SourceDate "1998.06.06"]

1. e4 e5 2. Nf3 Nc6 3. Bb5 a6 4. Ba4 Nf6 5. O-O Be7 6. Bxc6 dxc6 7. Nc3 Bg4 8.
Qe2 Bc5 9. Nd1 Qe7 10. Ne3 Bxe3 11. Qxe3 Bxf3 12. Qxf3 O-O 13. d3 Nd7 14. b3 f6
15. a4 c5 16. Ba3 Rfd8 17. Qe3 b6 18. Bb2 Nb8 19. f4 Nc6 20. fxe5 fxe5 21. Rf2
Rf8 22. Raf1 Rxf2 23. Rxf2 Nd4 24. Qh3 Re8 25. Qh5 Qe6 26. h3 h6 27. Qh4 Re7
28. Qh5 Re8 29. Qh4 a5 30. Qh5 Rf8 31. Bxd4 cxd4 32. Rf5 Re8 33. Rf2 c6 34. Qf5
Qxf5 35. Rxf5 Re6 36. h4 g6 37. Rf1 h5 38. g3 Kg7 39. Kg2 Re8 40. Rb1 Ra8 41.
Kf3 Kf6 42. g4 Ke6 43. gxh5 gxh5 44. Rg1 Rf8+ 45. Ke2 Rf4 46. Rg6+ Kd7 47. Rg7+
Kd6 48. Rg6+ Kd7 49. Rg7+ Kd6 50. Rg6+ Kd7 1/2-1/2

[Event "NCL967 BCM-Wood Green"]
[Site "Rd11"]
[Date "1997.??.??"]
[Round "11.4"]
[White "Law, Andrew"]
[Black "Giddins, Steve"]
[Result "0-1"]
[WhiteElo "2370"]
[BlackElo "2345"]
[PlyCount "63"]
[EventDate "1997.04.26"]
[Source "J.Saunders"]
[SourceDate "1998.06.06"]

1. d4 e6 2. e4 d5 3. Nd2 Nf6 4. e5 Nfd7 5. f4 c5 6. c3 Nc6 7. Ndf3 Qb6 8. g3
cxd4 9. cxd4 Bb4+ 10. Kf2 g5 11. Be3 f6 12. Bh3 h5 13. Bxe6 g4 14. Nh4 fxe5 15.
fxe5 Rf8+ 16. Kg2 Ncxe5 17. Nf5 Nf3 18. Nxf3 gxf3+ 19. Qxf3 Nf6 20. Bxc8 Rxc8
21. Rhc1 Kd7 22. Bf4 Qe6 23. Qd3 Qb6 24. Qb3 Qb5 25. Re1 Ne4 26. Ng7 Rxf4 27.
gxf4 Rg8 28. Rxe4 Rxg7+ 29. Kh1 dxe4 30. a3 e3 31. axb4 Qf5 32. Qxe3 0-1

[Event "NCL967 BCM-Wood Green"]
[Site "Rd11"]
[Date "1997.??.??"]
[Round "11.5"]
[White "Friedgood, David"]
[Black "Sowray, Peter"]
[Result "1-0"]
[WhiteElo "2270"]
[BlackElo "2350"]
[PlyCount "99"]
[EventDate "1997.04.26"]
[Source "J.Saunders"]
[SourceDate "1998.06.06"]

1. c4 e6 2. g3 d5 3. Bg2 Nf6 4. Nf3 Be7 5. d4 O-O 6. Qc2 c5 7. dxc5 d4 8. b4 a5
9. Bb2 Nc6 10. b5 Nb4 11. Qd1 d3 12. O-O Bxc5 13. Nc3 a4 14. a3 Nc2 15. Ra2
dxe2 16. Qxe2 Nd4 17. Nxd4 Bxd4 18. Rd1 e5 19. Ne4 Bf5 20. Nxf6+ Qxf6 21. Bxb7
Rad8 22. Bd5 Rxd5 23. cxd5 Bg4 24. Qxg4 Qxf2+ 25. Kh1 f5 26. Bxd4 Qxa2 27. Qf3
exd4 28. d6 Qc4 29. b6 Qc5 30. d7 Qd6 31. Qf4 Qxd7 32. Qxd4 Qb7+ 33. Qd5+ Rf7
34. Qxb7 Rxb7 35. Rb1 Kf7 36. Kg2 Ke6 37. Kf3 g5 38. h4 h6 39. hxg5 hxg5 40.
Rb5 Kf6 41. Ke2 Ke6 42. Kd3 Kd7 43. Kc4 Kc8 44. Rc5+ Kb8 45. Rxf5 Rg7 46. Kb5
Kb7 47. g4 Re7 48. Rxg5 Re3 49. Rg7+ Kb8 50. Kxa4 1-0

[Event "NCL967 BCM-Wood Green"]
[Site "Rd11"]
[Date "1997.??.??"]
[Round "11.6"]
[White "Pert, Nicholas"]
[Black "Cafferty, Bernard"]
[Result "1-0"]
[WhiteElo "2195"]
[BlackElo "2240"]
[PlyCount "55"]
[EventDate "1997.04.26"]
[Source "J.Saunders"]
[SourceDate "1998.06.06"]

1. d4 Nf6 2. Nf3 b6 3. g3 Bb7 4. Bg2 c5 5. c3 e6 6. O-O Be7 7. Bg5 h6 8. Bxf6
Bxf6 9. Nbd2 cxd4 10. cxd4 d5 11. Ne5 Nd7 12. f4 Nxe5 13. fxe5 Bg5 14. Qa4+ Kf8
15. Nf3 Qe8 16. Qb3 Be7 17. Rf2 g6 18. Raf1 Kg7 19. h4 Rf8 20. Qe3 Rc8 21. Nh2
h5 22. g4 Bxh4 23. Rf6 hxg4 24. Nxg4 Rh8 25. Nh6 Bxf6 26. exf6+ Kh7 27. Qh3 g5
28. Nxf7+ 1-0

[Event "NCL967 BCM-Wood Green"]
[Site "Rd11"]
[Date "1997.??.??"]
[Round "11.8"]
[White "Jackson, Sheila"]
[Black "Edwards, Ray"]
[Result "1/2-1/2"]
[WhiteElo "2150"]
[BlackElo "2079"]
[PlyCount "61"]
[EventDate "1997.04.26"]
[Source "J.Saunders"]
[SourceDate "1998.06.06"]

1. e4 c6 2. d4 d5 3. Nd2 dxe4 4. Nxe4 Nd7 5. Nf3 Ngf6 6. Ng3 e6 7. Bd3 Be7 8.
O-O O-O 9. c3 b6 10. Qe2 Bb7 11. Bg5 c5 12. Rad1 Qc7 13. Rfe1 Rfe8 14. Ne5 Nf8
15. h4 cxd4 16. cxd4 Bd5 17. a3 Qb7 18. Ba6 Qc7 19. Rc1 Qd6 20. Bf4 Qd8 21. h5
Bd6 22. h6 Ng6 23. Nxg6 hxg6 24. Bxd6 Qxd6 25. hxg7 Kxg7 26. Qe5 Qxe5 27. dxe5
Nd7 28. b4 Nb8 29. Bb5 Rd8 30. Re3 a5 31. bxa5 1/2-1/2

[Event "NCL967 Invicta Kts-Slough"]
[Site "Rd11"]
[Date "1997.??.??"]
[Round "11.3"]
[White "Ward, Chris"]
[Black "Lalic, Bogdan"]
[Result "1/2-1/2"]
[WhiteElo "2460"]
[BlackElo "2565"]
[PlyCount "56"]
[EventDate "1997.04.26"]
[Source "J.Saunders"]
[SourceDate "1998.06.06"]

1. d4 Nf6 2. c4 e6 3. Nc3 Bb4 4. g3 O-O 5. Bg2 d5 6. Nf3 Nbd7 7. Qb3 c5 8. cxd5
exd5 9. O-O Bxc3 10. Qxc3 b6 11. dxc5 bxc5 12. b4 Ba6 13. bxc5 Bxe2 14. Re1 Ne4
15. Qd4 Bxf3 16. Bb2 Qg5 17. Bxf3 Ndxc5 18. h4 Qg6 19. Bxe4 Nxe4 20. Qxd5 Rfe8
21. Rad1 Nxg3 22. Rxe8+ Rxe8 23. fxg3 Qxg3+ 24. Qg2 Re1+ 25. Rxe1 Qxe1+ 26. Kh2
Qxh4+ 27. Kg1 Qe1+ 28. Kh2 Qh4+ 1/2-1/2

[Event "NCL967 Invicta Kts-Slough"]
[Site "Rd11"]
[Date "1997.??.??"]
[Round "11.5"]
[White "Kumaran, Dharshan"]
[Black "Wells, Peter"]
[Result "0-1"]
[WhiteElo "2495"]
[BlackElo "2475"]
[PlyCount "82"]
[EventDate "1997.04.26"]
[Source "J.Saunders"]
[SourceDate "1998.06.06"]

1. c4 e6 2. Nf3 d5 3. g3 Nf6 4. Bg2 Be7 5. O-O O-O 6. d4 dxc4 7. Qc2 a6 8. Qxc4
b5 9. Qc2 Bb7 10. Bg5 Nbd7 11. Nbd2 c5 12. dxc5 Nxc5 13. Rad1 Rc8 14. Qb1 Nd5
15. Bxe7 Qxe7 16. Nd4 Nb6 17. Bxb7 Qxb7 18. N4b3 Nca4 19. Ne4 Qe7 20. Na5 Qb4
21. Ng5 g6 22. Nb3 Rfd8 23. Ne4 Nc4 24. Rxd8+ Rxd8 25. Qc1 Qe7 26. Qh6 Rd5 27.
h4 Naxb2 28. Ng5 f6 29. Ne4 Na4 30. Qf4 Kg7 31. Rc1 f5 32. Ng5 h6 33. Nh3 Qd6
34. Qf3 e5 35. e4 Rd3 36. Qg2 Nc3 37. Rxc3 Rxc3 38. exf5 Qd1+ 39. Kh2 Qf3 40.
f6+ Kxf6 41. Qf1 Ne3 0-1

[Event "NCL967 Invicta Kts-Slough"]
[Site "Rd11"]
[Date "1997.??.??"]
[Round "11.6"]
[White "Kosten, Anthony"]
[Black "Gormally, Danny"]
[Result "1/2-1/2"]
[WhiteElo "2525"]
[BlackElo "2300"]
[PlyCount "98"]
[EventDate "1997.04.26"]
[Source "J.Saunders"]
[SourceDate "1998.06.06"]

1. c4 e5 2. g3 Nf6 3. Bg2 d5 4. cxd5 Nxd5 5. Nf3 Nc6 6. O-O Nb6 7. d3 Be7 8.
Nbd2 O-O 9. b3 a5 10. Bb2 f6 11. Rc1 a4 12. Nc4 Nxc4 13. bxc4 Bf5 14. Rb1 Qd7
15. Bc3 b6 16. Nh4 Bh3 17. Bd5+ Be6 18. Bh1 Bg4 19. Bd5+ Be6 20. e4 Bc5 21. Nf5
Bxd5 22. cxd5 Ne7 23. d4 exd4 24. Nxd4 Bxd4 25. Qxd4 Ng6 26. f4 Rfe8 27. Rf2
Rad8 28. Re1 Kh8 29. Rd2 Qg4 30. Qf2 Nh4 31. Rd3 Ng6 32. Qe2 Qd7 33. e5 fxe5
34. fxe5 Qb5 35. Qe4 c6 36. d6 Nf8 37. Rd2 Ne6 38. Bd4 Qb4 39. Qe3 c5 40. Bc3
Qg4 41. Qe2 Qg6 42. Rf1 h6 43. Rb2 Rf8 44. Rxf8+ Rxf8 45. d7 Rd8 46. Rd2 Qf7
47. Qb5 Qf3 48. Qd3 Qg4 49. Qd6 Qc4 1/2-1/2

[Event "NCL967 Invicta Kts-Slough"]
[Site "Rd11"]
[Date "1997.??.??"]
[Round "11.7"]
[White "Dickenson, Neil"]
[Black "Lalic, Susan"]
[Result "1-0"]
[WhiteElo "2300"]
[BlackElo "2365"]
[PlyCount "95"]
[EventDate "1997.04.26"]
[Source "J.Saunders"]
[SourceDate "1998.06.06"]

1. d4 Nf6 2. c4 e6 3. Nf3 c5 4. d5 b5 5. e4 Nxe4 6. Bd3 Nf6 7. dxe6 dxe6 8.
cxb5 Bb7 9. O-O Nbd7 10. Nbd2 Nb6 11. Qe2 Qc7 12. a4 Nbd5 13. Nc4 Bd6 14. Nfe5
O-O 15. Ra3 a6 16. Rb3 axb5 17. axb5 Ra1 18. b6 Qe7 19. Bd2 Rxf1+ 20. Kxf1 Nb4
21. Bg5 Nxd3 22. Rxd3 Bxe5 23. Qxe5 Rd8 24. Bxf6 gxf6 25. Qg3+ Kh8 26. Rxd8+
Qxd8 27. Qd6 Qa8 28. f3 Kg7 29. Kf2 Qa4 30. Qg3+ Kh6 31. Ne3 Qd4 32. Qh3+ Kg5
33. Qg3+ Kh6 34. Qh3+ Kg5 35. Qg4+ Qxg4 36. Nxg4 Kf5 37. Ne3+ Ke5 38. Nc4+ Kd4
39. Nd6 Bc6 40. Ke2 f5 41. b7 Bxb7 42. Nxb7 h5 43. Nd8 Kc4 44. Nxf7 Kb3 45. Nd8
Kxb2 46. Nxe6 c4 47. Nd4 f4 48. g3 1-0

[Event "NCL967 Invicta Kts-Slough"]
[Site "Rd11"]
[Date "1997.??.??"]
[Round "11.8"]
[White "Smith, Andrew P"]
[Black "Richards, Heather"]
[Result "1-0"]
[WhiteElo "2265"]
[BlackElo "1744"]
[PlyCount "65"]
[EventDate "1997.04.26"]
[Source "J.Saunders"]
[SourceDate "1998.06.06"]

1. e4 e6 2. d4 d5 3. e5 c5 4. Qg4 Nc6 5. Nf3 cxd4 6. Bd3 Bd7 7. O-O Qc7 8. Re1
O-O-O 9. Qg3 h6 10. Nbd2 Nge7 11. Nb3 Qb6 12. h4 g6 13. c3 dxc3 14. bxc3 Nf5
15. Bxf5 gxf5 16. Be3 Qc7 17. Rab1 Be7 18. Nc5 Rdg8 19. Qh2 b6 20. Nd3 Rg4 21.
Bf4 Na5 22. Nd4 Rxh4 23. Qg3 Rg4 24. Qf3 Kd8 25. Nxf5 exf5 26. e6 Qxc3 27. exd7
Rhg8 28. g3 Qd4 29. Be5 Qc4 30. Rbc1 Qb5 31. Bc7+ Kxd7 32. Qxf5+ Ke8 33. Qc8#
1-0

[Event "NCL967 Guildford-Hertford"]
[Site "Rd11"]
[Date "1997.??.??"]
[Round "11.1"]
[White "Kinsman, Andrew"]
[Black "Swanson, Stephen"]
[Result "1-0"]
[WhiteElo "2400"]
[BlackElo "2265"]
[PlyCount "78"]
[EventDate "1997.04.26"]
[Source "J.Saunders"]
[SourceDate "1998.06.06"]

1. d4 d6 2. e4 Nf6 3. Nc3 g6 4. Nf3 Bg7 5. Be3 c6 6. Qd2 b5 7. Bd3 a6 8. a4 Bb7
9. Bh6 O-O 10. Bxg7 Kxg7 11. O-O Ng8 12. Rfe1 b4 13. Ne2 c5 14. c3 a5 15. Ng3
Nd7 16. h4 e5 17. Bb5 exd4 18. cxd4 Nb6 19. h5 c4 20. d5 Qf6 21. Qe3 Nc8 22.
Nd4 Nh6 23. f3 Ba6 24. Rec1 Bxb5 25. axb5 Re8 26. Nc6 Qxb2 27. b6 Nxb6 28. Qxb6
c3 29. Qf2 f6 30. hxg6 hxg6 31. Ne2 Nf7 32. Ned4 Ne5 33. Qg3 Qd2 34. Nf5+ Kf8
35. f4 gxf5 36. fxe5 fxe5 37. exf5 Qh6 38. f6 Kf7 39. Rf1 Rg8 1-0

[Event "NCL967 Guildford-Hertford"]
[Site "Rd11"]
[Date "1997.??.??"]
[Round "11.1"]
[White "Duncan, Chris"]
[Black "Povah, Nigel"]
[Result "1/2-1/2"]
[WhiteElo "2340"]
[BlackElo "2375"]
[PlyCount "100"]
[EventDate "1997.04.26"]
[Source "J.Saunders"]
[SourceDate "1998.06.06"]

1. Nf3 Nf6 2. c4 c5 3. Nc3 e6 4. d4 cxd4 5. Nxd4 Bb4 6. g3 O-O 7. Bg2 d5 8. O-O
Bxc3 9. bxc3 e5 10. Nc2 Qc7 11. cxd5 Qxc3 12. Bd2 Qc7 13. Ne3 Rd8 14. Qb3 Na6
15. Rac1 Qe7 16. Ba5 Rd6 17. Nc4 Rxd5 18. Bxd5 Nxd5 19. Ne3 Nxe3 20. Qxe3 b6
21. Bc3 f6 22. Rfd1 Be6 23. Qd2 Qf7 24. Qd8+ Qf8 25. Qxf8+ Kxf8 26. a3 Ke8 27.
f3 Bb3 28. Rd2 Rc8 29. Rb2 Ba4 30. Bd2 Rd8 31. Be3 Ke7 32. Kf2 Ra8 33. h4 Rd8
34. h5 Be8 35. g4 h6 36. Bd2 Ba4 37. Bb4+ Ke8 38. Rd2 Ra8 39. Rd3 Rb8 40. Rdc3
Kd7 41. Rd3+ Ke8 42. Rd6 Bd7 43. Ke3 Rb7 44. Ke4 Nxb4 45. axb4 Ke7 46. Rd2 a5
47. bxa5 bxa5 48. Rc5 Ra7 49. Rdd5 Be6 50. Rxa5 Bxd5+ 1/2-1/2

[Event "NCL967 Guildford-Hertford"]
[Site "Rd11"]
[Date "1997.??.??"]
[Round "11.3"]
[White "Kennaugh, Charles"]
[Black "Hanreck, Alan"]
[Result "1-0"]
[WhiteElo "2290"]
[BlackElo "2275"]
[PlyCount "59"]
[EventDate "1997.04.26"]
[Source "J.Saunders"]
[SourceDate "1998.06.06"]

1. e4 c5 2. Nf3 d6 3. d4 cxd4 4. Nxd4 Nf6 5. Nc3 a6 6. Qf3 Nbd7 7. h3 e6 8. g4
h6 9. Bg2 Qb6 10. Nb3 Ne5 11. Qe2 g5 12. f4 gxf4 13. Bxf4 Bd7 14. Rf1 Be7 15.
O-O-O Bb5 16. Nxb5 axb5 17. Bxe5 dxe5 18. Kb1 O-O 19. h4 Nh7 20. Rh1 Rfd8 21.
Rdf1 Rd7 22. g5 Bf8 23. Qh5 Rc8 24. Bh3 Qc6 25. g6 fxg6 26. Qxg6+ Kh8 27. Qxe6
Qxc2+ 28. Ka1 Rcd8 29. Rxf8+ Rxf8 30. Qxd7 1-0

[Event "NCL967 Guildford-Hertford"]
[Site "Rd11"]
[Date "1997.??.??"]
[Round "11.4"]
[White "Byway, Paul"]
[Black "Abayasekera, Roger"]
[Result "1-0"]
[WhiteElo "2230"]
[BlackElo "2255"]
[PlyCount "139"]
[EventDate "1997.04.26"]
[Source "J.Saunders"]
[SourceDate "1998.06.06"]

1. d4 Nf6 2. Nf3 e6 3. Bf4 Be7 4. e3 b6 5. Nbd2 c5 6. c3 O-O 7. Bd3 Ba6 8. Bxa6
Nxa6 9. O-O Nh5 10. Bg3 Nxg3 11. hxg3 Qc8 12. Qe2 Qb7 13. a4 Rac8 14. Qb5 Rfd8
15. Ra2 Nc7 16. Qd3 cxd4 17. exd4 Nd5 18. Re1 d6 19. Raa1 Nf6 20. Ne4 Nxe4 21.
Rxe4 Bf6 22. Rae1 Qc6 23. Qa6 Rc7 24. R4e2 h6 25. Rd2 Qc4 26. Qb5 Rb8 27. Ra1
a6 28. Qxc4 Rxc4 29. Rd3 Rc7 30. Nd2 Be7 31. d5 e5 32. c4 f5 33. f4 Bf6 34. Rb3
e4 35. Kf1 Bd4 36. a5 e3 37. Nf3 Bc5 38. axb6 Rxb6 39. Rxb6 Bxb6 40. Rxa6 Bc5
41. Ra8+ Kh7 42. Rb8 Ra7 43. b4 Ra1+ 44. Ke2 Ra2+ 45. Kd3 Ra3+ 46. Kc2 Ba7 47.
Kb2 Rd3 48. Rb7 Bd4+ 49. Nxd4 Rxd4 50. Re7 Rxc4 51. Kb3 Rd4 52. Rxe3 Rxd5 53.
Kc4 Rd2 54. b5 d5+ 55. Kc3 Rxg2 56. b6 Rg1 57. Kb4 d4 58. Rd3 Rb1+ 59. Rb3 Re1
60. b7 Re8 61. Kc4 Rb8 62. Kxd4 Kg6 63. Ke5 Re8+ 64. Kd6 Rb8 65. Kc7 Re8 66.
b8=Q Rxb8 67. Rxb8 Kh5 68. Kd6 Kg4 69. Ke5 g5 70. Rg8 1-0

[Event "NCL967 Guildford-Hertford"]
[Site "Rd11"]
[Date "1997.??.??"]
[Round "11.5"]
[White "Thompson, Ian"]
[Black "Cheal, Barry"]
[Result "1-0"]
[WhiteElo "2300"]
[BlackElo "2064"]
[PlyCount "77"]
[EventDate "1997.04.26"]
[Source "J.Saunders"]
[SourceDate "1998.06.06"]

1. c4 Nf6 2. Nc3 c5 3. g3 Nc6 4. Bg2 g6 5. e4 d6 6. Nge2 Bg7 7. O-O O-O 8. d3
h6 9. h3 a6 10. Be3 e5 11. Qd2 Kh7 12. f4 b6 13. f5 Ra7 14. g4 g5 15. Rab1 Rb7
16. Nd5 Nxd5 17. exd5 Nd4 18. Ng3 b5 19. Ne4 f6 20. b4 bxc4 21. dxc4 cxb4 22.
Bxd4 exd4 23. Rxb4 Rxb4 24. Qxb4 Rf7 25. Rd1 Bf8 26. Qd2 Kg7 27. Qxd4 Qa5 28.
Rd2 Be7 29. Kh1 Bd7 30. Re2 Qb4 31. Qc3 Qxc3 32. Nxc3 Bd8 33. Ne4 Bc7 34. Rb2
Bc8 35. c5 dxc5 36. d6 Ba5 37. Rb8 Bd7 38. Nxc5 Bb5 39. a4 1-0

[Event "NCL967 Guildford-Hertford"]
[Site "Rd11"]
[Date "1997.??.??"]
[Round "11.6"]
[White "Denton, John"]
[Black "Granat, Russell"]
[Result "0-1"]
[WhiteElo "2008"]
[BlackElo "2265"]
[PlyCount "42"]
[EventDate "1997.04.26"]
[Source "J.Saunders"]
[SourceDate "1998.06.06"]

1. d4 d5 2. Nf3 Bf5 3. Bf4 e6 4. e3 Nf6 5. Nbd2 Be7 6. Ne5 Nbd7 7. h3 Nxe5 8.
Bxe5 O-O 9. g4 Be4 10. Nxe4 Nxe4 11. Bd3 f6 12. Bxe4 fxe5 13. Bg2 e4 14. O-O
Bd6 15. Qe2 Qh4 16. c4 c6 17. Rab1 Rf3 18. c5 Bc7 19. b4 Raf8 20. Rb2 Rxh3 21.
Bxh3 Rf3 0-1

[Event "NCL967 Guildford-Hertford"]
[Site "Rd11"]
[Date "1997.??.??"]
[Round "11.7"]
[White "Anderton, Matthew"]
[Black "Angus, James"]
[Result "1-0"]
[WhiteElo "2175"]
[BlackElo "1552"]
[PlyCount "83"]
[EventDate "1997.04.26"]
[Source "J.Saunders"]
[SourceDate "1998.06.06"]

1. e4 c5 2. c3 d5 3. exd5 Qxd5 4. d4 Nf6 5. Nf3 Bg4 6. Nbd2 e6 7. Bc4 Qd8 8.
Qb3 Qc7 9. Ne5 Bh5 10. O-O cxd4 11. cxd4 Be7 12. Bb5+ Nbd7 13. Nxd7 Nxd7 14. d5
a6 15. dxe6 axb5 16. Qxb5 Bg4 17. Qxd7+ Qxd7 18. exd7+ Bxd7 19. Re1 Be6 20. a3
O-O 21. Ne4 Rfd8 22. Be3 Bf5 23. Bb6 Rd7 24. Rac1 Bxe4 25. Rxe4 Bf6 26. Re2 g6
27. g3 Kg7 28. Rc4 Rd1+ 29. Kg2 Ra6 30. Be3 Rb1 31. Rb4 Be7 32. Bd4+ Bf6 33.
Bxf6+ Kxf6 34. Rxb7 Rxa3 35. Ree7 Rxb2 36. Rxf7+ Ke6 37. Rbe7+ Kd6 38. Rxh7
Raa2 39. Ref7 Ke6 40. Rf3 Ke5 41. Re7+ Kd5 42. Rf6 1-0

[Event "NCL967 Croydon-Na Fianna"]
[Site "Rd11"]
[Date "1997.??.??"]
[Round "11.2"]
[White "Dunworth, Chris"]
[Black "Berry, Steve"]
[Result "1/2-1/2"]
[WhiteElo "2340"]
[BlackElo "2315"]
[PlyCount "44"]
[EventDate "1997.04.26"]
[Source "J.Saunders"]
[SourceDate "1998.06.06"]

1. d4 Nf6 2. Bg5 e6 3. Nd2 h6 4. Bh4 c5 5. e3 cxd4 6. exd4 Be7 7. Ngf3 b6 8. a4
Bb7 9. a5 bxa5 10. Nc4 O-O 11. Bxf6 Bxf6 12. Nxa5 Bxf3 13. Qxf3 Nc6 14. Nxc6
dxc6 15. c3 Qb6 16. Rb1 Rac8 17. Bd3 c5 18. dxc5 Rxc5 19. O-O Rd8 20. Rfd1 a5
21. Be4 Rcc8 22. Bd3 Rd6 1/2-1/2

[Event "NCL967 Croydon-Na Fianna"]
[Site "Rd11"]
[Date "1997.??.??"]
[Round "11.3"]
[White "Lyell, Mark"]
[Black "Ledger, Stephen"]
[Result "1-0"]
[WhiteElo "2235"]
[BlackElo "2250"]
[PlyCount "99"]
[EventDate "1997.04.26"]
[Source "J.Saunders"]
[SourceDate "1998.06.06"]

1. e4 c5 2. c3 d5 3. exd5 Qxd5 4. d4 e5 5. dxe5 Qxd1+ 6. Kxd1 Nc6 7. Bf4 Nge7
8. Bd3 Ng6 9. Bxg6 hxg6 10. Nf3 Bg4 11. Nbd2 O-O-O 12. Ke2 Rh5 13. h3 Be6 14.
Rhe1 Be7 15. Bg3 Bf5 16. Kf1 Rd3 17. Rad1 b5 18. Ke2 c4 19. Nf1 Bc5 20. Rxd3
Bxd3+ 21. Kd2 Kd7 22. Ne3 Be4 23. Ke2 Bxf3+ 24. Kxf3 Nxe5+ 25. Bxe5 Rxe5 26.
Rd1+ Ke6 27. Rd8 f5 28. a4 Bxe3 29. fxe3 bxa4 30. Rc8 Ra5 31. Rxc4 a3 32. bxa3
Rxa3 33. Rc6+ Kf7 34. Kf4 Ra2 35. g4 Rf2+ 36. Kg5 Rf3 37. Rc7+ Kf8 38. Kxg6
fxg4 39. hxg4 Rxe3 40. Rf7+ Ke8 41. Rxa7 Rxc3 42. Kxg7 Rc5 43. Ra4 Rc7+ 44. Kg8
Ke7 45. g5 Ke6 46. Rf4 Rc5 47. g6 Ke7 48. g7 Rc1 49. Rh4 Kf6 50. Kh8 1-0

[Event "NCL967 Croydon-Na Fianna"]
[Site "Rd11"]
[Date "1997.??.??"]
[Round "11.4"]
[White "Harley, Andrew"]
[Black "McMichael, Rick"]
[Result "1/2-1/2"]
[WhiteElo "2265"]
[BlackElo "2200"]
[PlyCount "31"]
[EventDate "1997.04.26"]
[Source "J.Saunders"]
[SourceDate "1998.06.06"]

1. e4 c5 2. c3 g6 3. d4 Bg7 4. dxc5 Qc7 5. Be3 Na6 6. Bxa6 bxa6 7. Nd2 Bb7 8.
Ne2 f5 9. exf5 gxf5 10. Qc2 Nh6 11. f3 O-O 12. O-O-O Bd5 13. Nb3 e6 14. Nf4
Bxb3 15. axb3 Nf7 16. Qd3 1/2-1/2

[Event "NCL967 Croydon-Na Fianna"]
[Site "Rd11"]
[Date "1997.??.??"]
[Round "11.5"]
[White "Mackenzie, Colin"]
[Black "Moore, Gerald"]
[Result "1/2-1/2"]
[WhiteElo "2096"]
[BlackElo "2215"]
[PlyCount "37"]
[EventDate "1997.04.26"]
[Source "J.Saunders"]
[SourceDate "1998.06.06"]

1. Nf3 Nf6 2. c4 g6 3. Nc3 Bg7 4. g3 O-O 5. Bg2 d5 6. cxd5 Nxd5 7. O-O Nc6 8.
Nxd5 Qxd5 9. d3 Qb5 10. Rb1 a5 11. b3 a4 12. Bf4 e5 13. Be3 axb3 14. Rxb3 Qa5
15. a3 Qa4 16. Qb1 Re8 17. Rc1 Nd4 18. Bxd4 exd4 19. Rxc7 1/2-1/2

[Event "NCL967 Croydon-Na Fianna"]
[Site "Rd11"]
[Date "1997.??.??"]
[Round "11.6"]
[White "Gunter, David"]
[Black "Pearce, Robin"]
[Result "1/2-1/2"]
[WhiteElo "2155"]
[BlackElo "2080"]
[PlyCount "26"]
[EventDate "1997.04.26"]
[Source "J.Saunders"]
[SourceDate "1998.06.06"]

1. d4 b5 2. Bg5 Bb7 3. e3 a6 4. Nf3 h6 5. Bf4 Nf6 6. c4 c5 7. Nbd2 e6 8. dxc5
Bxc5 9. cxb5 O-O 10. Be2 axb5 11. O-O Qb6 12. Nb3 Be7 13. Qd4 Qxd4 1/2-1/2